Nghiên cứu xác định hàm lượng sắt trong một số bộ phận của lợn bằng phương pháp đo quang
Giới thiệu về sắt. Giới thiệu về lợn...Thực nghiệm. Kết quả và thảo luận...
Spremljeno u:
| Glavni autor: | |
|---|---|
| Daljnji autori: | |
| Format: | Knjiga |
| Jezik: | Vietnamese |
| Izdano: |
Đà Nẵng
Đại học Sư phạm
2007
|
| Teme: | |
| Oznake: |
Dodaj oznaku
Bez oznaka, Budi prvi tko označuje ovaj zapis!
|
| Thư viện lưu trữ: | Mạng thư viện Đại học Đà Nẵng |
|---|
| LEADER | 01381nam a2200349 4500 | ||
|---|---|---|---|
| 001 | 000012478 | ||
| 003 | 8778 | ||
| 005 | 20120221080214.0 | ||
| 008 | 120221s2007 viesd | ||
| 041 | |a vie | ||
| 072 | |a Khóa luận tốt nghiệp | ||
| 082 | |a 599.63 |b HU-C | ||
| 100 | |a Huỳnh, Thị Vi Chi |e Tác giả | ||
| 245 | |a Nghiên cứu xác định hàm lượng sắt trong một số bộ phận của lợn bằng phương pháp đo quang |c Huỳnh Thị Vi Chi | ||
| 260 | |a Đà Nẵng |b Đại học Sư phạm |c 2007 | ||
| 300 | |a 39 tr. |c 29 cm | ||
| 500 | |a Khóa luận tốt nghiệp khoa Hóa. | ||
| 520 | |a Giới thiệu về sắt. Giới thiệu về lợn...Thực nghiệm. Kết quả và thảo luận... | ||
| 653 | |a Hàm lượng sắt | ||
| 653 | |a Bộ phận của lợn | ||
| 653 | |a Phương pháp đo quang | ||
| 700 | |a Lê Thị Mùi |c Th.S |e Hướng dẫn | ||
| OWN | |a LSP | ||
| AVA | |a UDN50 |b LSP |d 599.63 HU-C |e available |t Error 5001 Not defined in file expand_doc_bib_avail. |f 1 |g 0 |h N |i 0 |k 1 | ||
| 999 | |a From the UDN01 | ||
| AVA | |a UDN50 |b LSP |d 599.63 HU-C |e available |t Error 5001 Not defined in file expand_doc_bib_avail. |f 1 |g 0 |h N |i 0 |k 1 | ||
| TYP | |a Monograph | ||
| TYP | |a Printed language | ||
| 980 | |a Mạng thư viện Đại học Đà Nẵng | ||